000 00387nam a2200157Ia 4500
005 20240624053856.0
008 240331s9999 xx 000 0 und d
020 _a8177200372
082 _bKNO
_a894.811
100 _aKnott, K
245 0 _aIndu matham :
_bmika churukkamana arimugam
260 _aputhanatham
_badaiyalam
_c2005
300 _a208 p .,
650 _areligion
942 _cL
999 _c4031
_d4031